skbl

Dr Suryya Kumar Bhuyan Library Web-OPAC
ডঃ সূৰ্য্য
কুমাৰ ভূঞা পুথিভঁৰাল ৱেব-অ'পেক

All Research Scholars are advised to clear the annual library fees to continue using Library Resources, Remote Access, Plagiarism Test and Library Clearance.

Cotton University Book Fair 2026

Fundamentals of jurisprudence : (Record no. 65606)

MARC details
000 -LEADER
fixed length control field 00451nam a2200157Ia 4500
001 - CONTROL NUMBER
control field 64506
008 - FIXED-LENGTH DATA ELEMENTS--GENERAL INFORMATION
fixed length control field 210325n2015 ii |||gr||||Z||||||465
082 ## - DEWEY DECIMAL CLASSIFICATION NUMBER
Classification number 340.1
100 ## - MAIN ENTRY--PERSONAL NAME
Personal name Dhyani,SN,
Relator term Author.
245 #0 - TITLE STATEMENT
Title Fundamentals of jurisprudence :
Remainder of title the indian approach /
Statement of responsibility, etc. SN Dhyani .
Medium Textual Documents
250 ## - EDITION STATEMENT
Edition statement 3rd(reprint).
260 ## - PUBLICATION, DISTRIBUTION, ETC.
Place of publication, distribution, etc. Allahabad
Name of publisher, distributor, etc. Central Law agency
Date of publication, distribution, etc. 2015
300 ## - PHYSICAL DESCRIPTION
Extent 455p.:
Dimensions 22cm.
653 ## - INDEX TERM--UNCONTROLLED
Uncontrolled term Jurisprudence
942 ## - ADDED ENTRY ELEMENTS (KOHA)
Source of classification or shelving scheme Dewey Decimal Classification
Koha item type Books
Holdings
Withdrawn status Lost status Damaged status Not for loan Collection Home library Current library Shelving location Date acquired Source of acquisition Coded location qualifier Cost, normal purchase price Total checkouts Full call number Barcode Date last seen Copy number Price effective from Koha item type Public note
          Dr. Suryya Kumar Bhuyan Library Dr. Suryya Kumar Bhuyan Library   25/03/2021 LW 00000 310.00   340.1 Dh535Fu 2310/cu/law 14/01/2024 1 25/03/2021 Books LW

Designed and Maintained by Team SKBL
©1901-2026

Powered by Koha